| 000 | 00655nam a2200193 a 4500 | ||
|---|---|---|---|
| 005 | 20210223124958.0 | ||
| 008 | 030603s1992 mx r 000 0 spa d | ||
| 020 | _a8479600241 | ||
| 035 | _aUPN01000124941 | ||
| 049 | _aC | ||
| 050 | 4 |
_aQ173 _bM3.48 |
|
| 100 | 1 |
_aMackay, Alan Lindsay, _d1926- |
|
| 245 | 1 | 0 |
_aDiccionario de citas científicas : _bla cosecha de una mirada serena / _cAlan L. Mackay ; tr. José Luis Aragón. |
| 260 |
_aMadrid : _bEdiciones de la Torre, _c1992. |
||
| 300 | _a315 p. | ||
| 440 | 0 |
_aProyecto didáctico Quirón ; _v32. _pCiencias aplicadas y tecnología |
|
| 650 | 4 |
_aCIENCIA - _vCITAS, MAXIMAS, ETC. _99877 |
|
| 905 | _aLibro | ||
| 999 |
_c97120 _d97120 |
||